000 01455nam a2200361 i 4500
001 197653
003 ES-MaACL
005 20250812080125.0
007 ta
008 130622s2003 xx ||||| |||||||| ||spa|c
017 _aS 624-2003
_bOficina Depósito Legal Salamanca
020 _a8488265840
035 _a(ES-BaCBU).b59311836
035 _a52
035 _a991007633389706706
040 _aES-BaCBU
_bcat
_cES-BaCBU
245 1 4 _aLas Edades del Hombre
_bEl Árbol de la vida : Santa Iglesia Catedral, Segovia 2003 /
_cComisario general Antonio-Ignacio Meléndez Alonso
260 _a(S.l.):
_bFundación Las Edades del Hombre,
_c2003
300 _a585 páginas :
_bilustrado ;
_b30 cm.
336 _2rdacontent
_atexto
337 _2rdamedia
_asin mediación
338 _2rdacarrier
_avolumen
500 _aBibliografía en las páginas 567-585
650 0 _aArte religioso-
_zCastilla y León-
_xExposiciones
_9240991
655 7 _2tgfbne
_9193628
_aCatálogos de exposiciones
700 _9240990
_aMeléndez Alonso, Antonio-Ignacio
_eorm
852 _aES-MaACL
_cDEPO1
_jA-15730
_hDonación: Fernando Codina Rodríguez
_xEncuadernación rústica
_9206088
903 _aCodina Rodríguez, Fernando
_ednr
_9238631
942 _n0
_cMONOGRAFIA
999 _c197653
_d197653